HOK : (Record no. 352681)
[ view plain ]
| 000 -LEADER | |
|---|---|
| fixed length control field | 00860 a2200253 4500 |
| 003 - CONTROL NUMBER IDENTIFIER | |
| control field | OSt |
| 005 - DATE AND TIME OF LATEST TRANSACTION | |
| control field | 20180116192341.0 |
| 008 - FIXED-LENGTH DATA ELEMENTS--GENERAL INFORMATION | |
| fixed length control field | 120529t xxu||||| |||| 00| 0 eng d |
| 020 ## - INTERNATIONAL STANDARD BOOK NUMBER | |
| International Standard Book Number | 9781864703146 (hbk.) : |
| 022 ## - INTERNATIONAL STANDARD SERIAL NUMBER | |
| International Standard Serial Number | 1864703148 (hbk.) : |
| 040 ## - CATALOGING SOURCE | |
| Transcribing agency | 0 |
| 082 04 - DEWEY DECIMAL CLASSIFICATION NUMBER | |
| Classification number | 720.973 |
| 100 1# - MAIN ENTRY--PERSONAL NAME | |
| Personal name | Hellmuth,Bill |
| 9 (RLIN) | 2471 |
| 245 10 - TITLE STATEMENT | |
| Title | HOK : |
| Remainder of title | A global design portfolio / |
| Statement of responsibility, etc. | Hellmuth, Obata + Kassabaum |
| 260 ## - PUBLICATION, DISTRIBUTION, ETC. | |
| Place of publication, distribution, etc. | Mulgrave, |
| Name of publisher, distributor, etc. | Images Pub. |
| Date of publication, distribution, etc. | 2009. |
| 300 ## - PHYSICAL DESCRIPTION | |
| Extent | 415 p. : |
| Other physical details | ill. (chiefly col.) ; |
| Dimensions | 25 cm |
| 610 ## - SUBJECT ADDED ENTRY--CORPORATE NAME | |
| Corporate name or jurisdiction name as entry element | Hellmuth, Obata & Kassabaum. |
| 9 (RLIN) | 2472 |
| 650 10 - SUBJECT ADDED ENTRY--TOPICAL TERM | |
| Topical term or geographic name entry element | Architecture, Modern . |
| Chronological subdivision | 20th century. |
| 9 (RLIN) | 2473 |
| 650 10 - SUBJECT ADDED ENTRY--TOPICAL TERM | |
| Topical term or geographic name entry element | Architecture, Modern |
| Chronological subdivision | 21st century |
| 9 (RLIN) | 2474 |
| 700 1# - ADDED ENTRY--PERSONAL NAME | |
| Personal name | Beaver, Robyn. |
| 9 (RLIN) | 2475 |
| 710 1# - ADDED ENTRY--CORPORATE NAME | |
| Corporate name or jurisdiction name as entry element | Hellmuth, Obata & Kassabaum. |
| 9 (RLIN) | 2476 |
| 942 ## - ADDED ENTRY ELEMENTS (KOHA) | |
| Institution code [OBSOLETE] | SADA |
| Koha item type | Book |
| Call number prefix | 720.973 HEL 2009 |
| Source of classification or shelving scheme | |
| Withdrawn status | Lost status | Source of classification or shelving scheme | Damaged status | Not for loan | Permanent Location | Current Location | Date acquired | Total Checkouts | Total Renewals | Full call number | Barcode | Date last seen | Date last checked out | Cost, replacement price | Price effective from | Koha item type |
|---|---|---|---|---|---|---|---|---|---|---|---|---|---|---|---|---|
| School of Art Design and Architecture (SADA) | School of Art Design and Architecture (SADA) | 04/07/2011 | 1 | 2 | 720.973 HEL 2009 | SADA0000732 | 12/13/2012 | 11/21/2012 | 6043.00 | 08/05/2011 | Book |
